| Tag |
First Indicator |
Second Indicator |
Subfields |
| LEADER |
00000cam a2200000 a 4500 |
| 001 |
in00000024867 |
| 005 |
20230713170115.0 |
| 008 |
880727s1988 nyua b 100 0 eng |
| 010 |
|
|
|a 88166902
|
| 019 |
|
|
|a 18196720
|
| 029 |
1 |
|
|a AU@
|b 000006084838
|
| 029 |
1 |
|
|a NLGGC
|b 04950309X
|
| 029 |
1 |
|
|a NZ1
|b 7605652
|
| 035 |
|
|
|a (OCoLC)ocm18715532
|
| 035 |
|
|
|a (OCoLC)18715532
|z (OCoLC)18196720
|
| 035 |
|
|
|a (OCoLC)ocm18715532
|
| 040 |
|
|
|a DLC
|b eng
|c DLC
|d OCLCQ
|d BTCTA
|d OCLCG
|d OCLCO
|d OCLCF
|d OCLCQ
|d OCLCO
|d OCL
|d OCLCO
|
| 050 |
0 |
0 |
|a TA418.9.C6
|b J57 1988
|
| 082 |
0 |
0 |
|a 620.1/1892
|2 19
|
| 111 |
2 |
|
|a Joint ASME/SES Applied Mechanics and Engineering Sciences Conference
|d (1988 :
|c Berkeley, Calif.)
|
| 245 |
1 |
0 |
|a Mechanics of composite materials--1988 :
|b presented at the Joint ASME/SES Applied Mechanics and Engineering Sciences Conference, Berkeley, California, June 20-22, 1988 /
|c sponsored by the Committee on Composite Materials of the Applied Mechanics Division, ASME ; edited by G.J. Dvorak, N. Laws.
|
| 260 |
|
|
|a New York, N.Y. :
|b American Society of Mechanical Engineers,
|c ©1988.
|
| 300 |
|
|
|a vi, 223 pages :
|b illustrations ;
|c 26 cm.
|
| 336 |
|
|
|a text
|b txt
|2 rdacontent
|
| 337 |
|
|
|a unmediated
|b n
|2 rdamedia
|
| 338 |
|
|
|a volume
|b nc
|2 rdacarrier
|
| 490 |
1 |
|
|a AMD ;
|v vol. 92
|
| 504 |
|
|
|a Includes bibliographical references.
|
| 530 |
|
|
|a Also issued online.
|
| 650 |
|
0 |
|a Composite materials
|v Congresses.
|
| 650 |
|
6 |
|a Composites
|v Congrès.
|
| 650 |
|
7 |
|a Composite materials.
|2 fast
|0 (OCoLC)fst00871682
|
| 655 |
|
7 |
|a Conference papers and proceedings.
|2 fast
|0 (OCoLC)fst01423772
|
| 700 |
1 |
|
|a Dvorak, George J.,
|d 1933-
|
| 700 |
1 |
|
|a Laws, N.
|
| 710 |
2 |
|
|a American Society of Mechanical Engineers.
|b Committee on Composite Materials.
|
| 776 |
0 |
8 |
|i Online version:
|a Joint ASME/SES Applied Mechanics and Engineering Sciences Conference (1988 : Berkeley, Calif.).
|t Mechanics of composite materials--1988.
|d New York, N.Y. : American Society of Mechanical Engineers, ©1988
|w (OCoLC)580076085
|
| 776 |
0 |
8 |
|i Online version:
|a Joint ASME/SES Applied Mechanics and Engineering Sciences Conference (1988 : Berkeley, Calif.).
|t Mechanics of composite materials--1988.
|d New York, N.Y. : American Society of Mechanical Engineers, ©1988
|w (OCoLC)609215762
|
| 830 |
|
0 |
|a AMD (Series) ;
|v v. 92.
|
| 938 |
|
|
|a Baker and Taylor
|b BTCP
|n 88166902
|
| 948 |
|
|
|h HELD BY TXA - 63 OTHER HOLDINGS
|
| 994 |
|
|
|a Z0
|b TXA
|
| 999 |
f |
f |
|s 33323626-81e0-3913-940f-bb1a7c2826d3
|i 1b266a68-3262-3422-91c1-d624e3e0bed7
|t 0
|
| 952 |
f |
f |
|p ric
|a Texas A&M University
|b Rellis Campus
|c Joint Library Facility
|s JLF
|d Remote Storage
|t 0
|e TA418.9.C6 J575 1988
|h Library of Congress classification
|i unmediated -- volume
|m A14811053160
|